000 00258nam a22001097a 4500
040 _cSK
082 _a330
100 _aក្រសួងអប់រំ
245 _aភូមិវិទ្យា
260 _aPhnom Penh
_bអប់រំ
_c1987
942 _cKB
999 _c8489
_d8489